01622nam a2200277uu 4500001000800000005001700008008004100025020001800066035001200084040001300096041000800109082000800117100003300125245003100158260003400189300003500223500008700258520076500345650004501110650002601155650002901181650002901210700003401239700003401273700003701307145406520260508090745.0161102s2004 spa  a9788448142773 a1454065 ccomduadb aspa 4a65810aDe Feo , Joseph A.4auteaut10aMás allá de Seis Sigma aMadrid :bMcGraw-Hill,c2004. a389 páginas :bilustraciones aGENERAL : Título de la caratula "Juran Institute's más allá de Seis Sigma" .3 aEsta obra, presenta la metodología de Juran Institute, perfeccionada a través de múltiples experiencias en distintas empresas mundiales, para lograr una cultura basada en la mejora continua del rendimiento. - Investigación y experiencia perfeccionada en el tiempo, que le proporcionará las respuestas a las preguntas más frecuentes sobre los procesos de cambio y la forma de hacerlos sostenibles. - Mejora continua en el liderazgo, estrategia, organización, tiempo de ciclo, velocidad de desarrollo de nuevos productos, control de calidad, cultura, adaptabilidad y más. - Hacer rápidos progresos usando los métodos de mejora radical de Juran Institute. - Remover las barreras al cambio, adaptando las lecciones aprendidas en otras empresas. aSeis sigma (Norma de control de calidad) aMejoramiento continuo 7aControl de calidad2lemb aMetodología Seis Sigma10aBarnard, William W.4auteaut10aJuran, Joseph Moses4auieaui10aBabé Romero, Ignacio4trletrl